Państwa według loga firm - Statystyki

Ogólne statystyki
  • Ten quiz został rozwiązany 37 razy
  • Średni wynik to 12 z 16
Statystyki odpowiedzi
Obrazkowy Odpowiedź % Poprawnych
Dania
93%
Polska
90%
Francja
86%
Stany Zjednoczone
86%
Stany Zjednoczone
86%
Japonia
83%
Szwajcaria
83%
Włochy
83%
Stany Zjednoczone
76%
Szwecja
76%
Hiszpania
72%
Finlandia
69%
Wielka Brytania
69%
Wielka Brytania
62%
Ukraina
41%
Tajwan
24%
Nie znaleziono quizów pasujących do podanych kryteriów
Rozkład punktacji
Procent ludzi z każdym wynikiem
Percentyl według liczby udzielonych odpowiedzi
Twoja historia wyników
Nie rozwiązałeś tego quizu